<?xml version="1.0" encoding="UTF-8"?>
<marc:record xmlns:marc="http://www.loc.gov/MARC21/slim" type="Bibliographic">
   <marc:leader>00000pam a2200000 c 4500</marc:leader>
   <marc:controlfield tag="001">870213237</marc:controlfield>
   <marc:controlfield tag="003">DE-101</marc:controlfield>
   <marc:controlfield tag="005">20171202112424.0</marc:controlfield>
   <marc:controlfield tag="007">tu</marc:controlfield>
   <marc:controlfield tag="008">870330s1987    gw ||||| |||| 00||||ger  </marc:controlfield>
   <marc:datafield ind1=" " ind2=" " tag="015">
      <marc:subfield code="a">87,A16,0626</marc:subfield>
      <marc:subfield code="z">87,N07,0249</marc:subfield>
      <marc:subfield code="2">dnb</marc:subfield>
   </marc:datafield>
   <marc:datafield ind1="7" ind2=" " tag="016">
      <marc:subfield code="2">DE-101</marc:subfield>
      <marc:subfield code="a">870213237</marc:subfield>
   </marc:datafield>
   <marc:datafield ind1=" " ind2=" " tag="020">
      <marc:subfield code="a">9783700435006</marc:subfield>
      <marc:subfield code="c">Pp. : DM 39.00</marc:subfield>
      <marc:subfield code="9">978-3-7004-3500-6</marc:subfield>
   </marc:datafield>
   <marc:datafield ind1=" " ind2=" " tag="020">
      <marc:subfield code="a">3700435002</marc:subfield>
      <marc:subfield code="c">Pp. : DM 39.00</marc:subfield>
      <marc:subfield code="9">3-7004-3500-2</marc:subfield>
   </marc:datafield>
   <marc:datafield ind1=" " ind2=" " tag="035">
      <marc:subfield code="a">(DE-599)DNB870213237</marc:subfield>
   </marc:datafield>
   <marc:datafield ind1=" " ind2=" " tag="035">
      <marc:subfield code="a">(OCoLC)74801154</marc:subfield>
   </marc:datafield>
   <marc:datafield ind1=" " ind2=" " tag="040">
      <marc:subfield code="a">1200</marc:subfield>
      <marc:subfield code="b">ger</marc:subfield>
      <marc:subfield code="c">DE-101</marc:subfield>
      <marc:subfield code="d">9999</marc:subfield>
   </marc:datafield>
   <marc:datafield ind1=" " ind2=" " tag="041">
      <marc:subfield code="a">ger</marc:subfield>
   </marc:datafield>
   <marc:datafield ind1=" " ind2=" " tag="043">
      <marc:subfield code="c">XA-AT</marc:subfield>
   </marc:datafield>
   <marc:datafield ind1=" " ind2=" " tag="044">
      <marc:subfield code="c">XA-DE</marc:subfield>
   </marc:datafield>
   <marc:datafield ind1=" " ind2=" " tag="084">
      <marc:subfield code="a">22</marc:subfield>
      <marc:subfield code="a">370</marc:subfield>
      <marc:subfield code="q">DE-101</marc:subfield>
      <marc:subfield code="2">sdnb</marc:subfield>
   </marc:datafield>
   <marc:datafield ind1=" " ind2=" " tag="084">
      <marc:subfield code="a">6.4</marc:subfield>
      <marc:subfield code="q">DE-101</marc:subfield>
      <marc:subfield code="2">sswd</marc:subfield>
   </marc:datafield>
   <marc:datafield ind1="1" ind2=" " tag="100">
      <marc:subfield code="0">(DE-588)11125924X</marc:subfield>
      <marc:subfield code="0">http://d-nb.info/gnd/11125924X</marc:subfield>
      <marc:subfield code="0">(DE-101)11125924X</marc:subfield>
      <marc:subfield code="a">Felzmann, Reinhold</marc:subfield>
      <marc:subfield code="e">Verfasser</marc:subfield>
      <marc:subfield code="4">aut</marc:subfield>
   </marc:datafield>
   <marc:datafield ind1="0" ind2="0" tag="245">
      <marc:subfield code="a">Bilder machen</marc:subfield>
      <marc:subfield code="b">Anregungen für d. bildner. Erziehung ; Grafik, Malerei, Plastik u. Raum, Schrift, Fotogr., Film, Spiel u. Aktion</marc:subfield>
      <marc:subfield code="c">Reinhold Felzmann ; Oskar Seber ; Walter Stach</marc:subfield>
   </marc:datafield>
   <marc:datafield ind1=" " ind2="1" tag="264">
      <marc:subfield code="a">Wien</marc:subfield>
      <marc:subfield code="a">Stuttgart</marc:subfield>
      <marc:subfield code="b">Breitschopf</marc:subfield>
      <marc:subfield code="c">1987</marc:subfield>
   </marc:datafield>
   <marc:datafield ind1=" " ind2=" " tag="300">
      <marc:subfield code="a">96 S.</marc:subfield>
      <marc:subfield code="b">zahlr. Ill. (z.T. farb.), graph. Darst.</marc:subfield>
      <marc:subfield code="c">30 cm</marc:subfield>
   </marc:datafield>
   <marc:datafield ind1=" " ind2=" " tag="336">
      <marc:subfield code="a">Text</marc:subfield>
      <marc:subfield code="b">txt</marc:subfield>
      <marc:subfield code="2">rdacontent</marc:subfield>
   </marc:datafield>
   <marc:datafield ind1=" " ind2=" " tag="336">
      <marc:subfield code="a">unbewegtes Bild</marc:subfield>
      <marc:subfield code="b">sti</marc:subfield>
      <marc:subfield code="2">rdacontent</marc:subfield>
   </marc:datafield>
   <marc:datafield ind1=" " ind2=" " tag="337">
      <marc:subfield code="a">ohne Hilfsmittel zu benutzen</marc:subfield>
      <marc:subfield code="b">n</marc:subfield>
      <marc:subfield code="2">rdamedia</marc:subfield>
   </marc:datafield>
   <marc:datafield ind1=" " ind2=" " tag="338">
      <marc:subfield code="a">Band</marc:subfield>
      <marc:subfield code="b">nc</marc:subfield>
      <marc:subfield code="2">rdacarrier</marc:subfield>
   </marc:datafield>
   <marc:datafield ind1=" " ind2=" " tag="385">
      <marc:subfield code="0">(DE-588)4053369-4</marc:subfield>
      <marc:subfield code="0">http://d-nb.info/gnd/4053369-4</marc:subfield>
      <marc:subfield code="0">(DE-101)040533697</marc:subfield>
      <marc:subfield code="a">Schüler</marc:subfield>
      <marc:subfield code="2">gnd</marc:subfield>
   </marc:datafield>
   <marc:datafield ind1=" " ind2="7" tag="650">
      <marc:subfield code="0">(DE-588)4033637-2</marc:subfield>
      <marc:subfield code="0">http://d-nb.info/gnd/4033637-2</marc:subfield>
      <marc:subfield code="0">(DE-101)040336379</marc:subfield>
      <marc:subfield code="a">Kunsterziehung</marc:subfield>
      <marc:subfield code="2">gnd</marc:subfield>
   </marc:datafield>
   <marc:datafield ind1=" " ind2="7" tag="650">
      <marc:subfield code="0">(DE-588)4063861-3</marc:subfield>
      <marc:subfield code="0">http://d-nb.info/gnd/4063861-3</marc:subfield>
      <marc:subfield code="0">(DE-101)040638618</marc:subfield>
      <marc:subfield code="a">Volksschule</marc:subfield>
      <marc:subfield code="2">gnd</marc:subfield>
   </marc:datafield>
   <marc:datafield ind1=" " ind2="7" tag="651">
      <marc:subfield code="0">(DE-588)4043271-3</marc:subfield>
      <marc:subfield code="0">http://d-nb.info/gnd/4043271-3</marc:subfield>
      <marc:subfield code="0">(DE-101)040432718</marc:subfield>
      <marc:subfield code="a">Österreich</marc:subfield>
      <marc:subfield code="2">gnd</marc:subfield>
   </marc:datafield>
   <marc:datafield ind1=" " ind2="7" tag="655">
      <marc:subfield code="0">(DE-588)4074111-4</marc:subfield>
      <marc:subfield code="0">http://d-nb.info/gnd/4074111-4</marc:subfield>
      <marc:subfield code="0">(DE-101)040741117</marc:subfield>
      <marc:subfield code="a">Lehrmittel</marc:subfield>
      <marc:subfield code="2">gnd-content</marc:subfield>
   </marc:datafield>
   <marc:datafield ind1=" " ind2="7" tag="655">
      <marc:subfield code="a">Lehrmittel</marc:subfield>
      <marc:subfield code="2">gnd</marc:subfield>
   </marc:datafield>
   <marc:datafield ind1="0" ind2="0" tag="689">
      <marc:subfield code="0">(DE-588)4043271-3</marc:subfield>
      <marc:subfield code="0">http://d-nb.info/gnd/4043271-3</marc:subfield>
      <marc:subfield code="0">(DE-101)040432718</marc:subfield>
      <marc:subfield code="D">g</marc:subfield>
      <marc:subfield code="a">Österreich</marc:subfield>
   </marc:datafield>
   <marc:datafield ind1="0" ind2="1" tag="689">
      <marc:subfield code="0">(DE-588)4033637-2</marc:subfield>
      <marc:subfield code="0">http://d-nb.info/gnd/4033637-2</marc:subfield>
      <marc:subfield code="0">(DE-101)040336379</marc:subfield>
      <marc:subfield code="D">s</marc:subfield>
      <marc:subfield code="a">Kunsterziehung</marc:subfield>
   </marc:datafield>
   <marc:datafield ind1="0" ind2="2" tag="689">
      <marc:subfield code="0">(DE-588)4063861-3</marc:subfield>
      <marc:subfield code="0">http://d-nb.info/gnd/4063861-3</marc:subfield>
      <marc:subfield code="0">(DE-101)040638618</marc:subfield>
      <marc:subfield code="D">s</marc:subfield>
      <marc:subfield code="a">Volksschule</marc:subfield>
   </marc:datafield>
   <marc:datafield ind1="0" ind2="3" tag="689">
      <marc:subfield code="A">f</marc:subfield>
      <marc:subfield code="a">Lehrmittel</marc:subfield>
   </marc:datafield>
   <marc:datafield ind1="0" ind2=" " tag="689">
      <marc:subfield code="5">DE-101</marc:subfield>
      <marc:subfield code="5">DE-101</marc:subfield>
   </marc:datafield>
   <marc:datafield ind1="1" ind2=" " tag="700">
      <marc:subfield code="0">(DE-588)111259258</marc:subfield>
      <marc:subfield code="0">http://d-nb.info/gnd/111259258</marc:subfield>
      <marc:subfield code="0">(DE-101)111259258</marc:subfield>
      <marc:subfield code="a">Seber, Oskar</marc:subfield>
      <marc:subfield code="e">Verfasser</marc:subfield>
      <marc:subfield code="4">aut</marc:subfield>
   </marc:datafield>
   <marc:datafield ind1="1" ind2=" " tag="700">
      <marc:subfield code="0">(DE-588)133679616</marc:subfield>
      <marc:subfield code="0">http://d-nb.info/gnd/133679616</marc:subfield>
      <marc:subfield code="0">(DE-101)133679616</marc:subfield>
      <marc:subfield code="a">Stach, Walter</marc:subfield>
      <marc:subfield code="d">1946-</marc:subfield>
      <marc:subfield code="e">Verfasser</marc:subfield>
      <marc:subfield code="4">aut</marc:subfield>
   </marc:datafield>
   <marc:datafield ind1=" " ind2=" " tag="850">
      <marc:subfield code="a">DE-101a</marc:subfield>
      <marc:subfield code="a">DE-101b</marc:subfield>
   </marc:datafield>
</marc:record>
